Statistics for SpiceJet Destinations-Ahmedabad

Click here to take the quiz!

General Stats

  • This quiz has been taken 8 times
  • The average score is 18 of 24

Answer Stats

Country Airport % Correct
UAEDubai
100%
India-BiharPatna
100%
India-DelhiDelhi
100%
India-GoaGoa
100%
India-Jammu and KashmirSrinagar
100%
India-KarnatakaBangalore
100%
India-Tamil NaduChennai
100%
ThailandBangkok
100%
India-TelanganaHyderabad
100%
India-MaharashtraPune
100%
OmanMuscat
100%
India-RajasthanJaipur
100%
India-MaharashtraMumbai
80%
India-Uttar PradeshVaranasi
80%
India-Madhya PradeshBhopal
80%
India-RajasthanUdaipur
60%
India-UttarakhandDehradun
60%
India-AssamGuwahati
40%
India-Tamil NaduCoimbatore
40%
India-Madhya PradeshJabalpur
40%
India-RajasthanJaisalmer
40%
India-RajasthanKishangarh
20%
India-West BengalSiliguri
20%
India-MaharashtraShirdi
20%

Score Distribution

Percentile by Number Answered

Percent of People with Each Score

Your Score History

You have not taken this quiz